[Event "CZE-ch Amateur"]
[Site "Hluk"]
[Date "2023.05.06"]
[Round "1"]
[White "Vechet, Stanislav"]
[Black "Steinerberger, Alexander"]
[Result "1/2-1/2"]
[WhiteElo "2140"]
[BlackElo "1631"]
[PlyCount "87"]
[EventDate "2023.05.06"]
[EventType "swiss"]
[EventRounds "9"]
[EventCountry "CZE"]
[SourceTitle "CBM 214 Extra"]
[Source "ChessBase"]
[SourceDate "2023.07.31"]
[SourceVersion "1"]
[SourceVersionDate "2023.07.31"]
[SourceQuality "1"]

1. d4 Nf6 2. g3 d5 3. Nf3 e6 4. Bg2 Bd6 5. c4 c6 6. Qc2 Nbd7 7. Nbd2 e5 8. cxd5 Nxd5 9. a3 Bc7 10. dxe5 Nxe5 11. Nxe5 Bxe5 12. Nc4 Bc7 13. e4 Nb6 14. Ne3 0-0 15. 0-0 Be6 16. Bd2 a5 17. a4 Qe7 18. b3 Rfd8 19. Rfd1 Rd7 20. Bf1 Bd6 21. Bc3 Bb4 22. Rxd7 Nxd7 23. Rc1 f6 24. Nc4 Kh8 25. Kg2 Bxc4 26. Bxb4 Qxb4 27. Bxc4 Re8 28. Rd1 Ne5 29. Be2 g6 30. h4 Kg7 31. f4 Nf7 32. Rd7 Re7 33. Rxe7 Qxe7 34. Bf3 Nd8 35. Qc3 b6 36. e5 c5 37. Bd5 Ne6 38. exf6+ Qxf6 39. Qxf6+ Kxf6 40. Kf3 Nd4+ 41. Ke4 Nf5 42. Kf3 Nd4+ 43. Ke4 Nf5 44. Kf3 1/2-1/2